Statistics for Austrian Ski Resorts

Click here to take the quiz!

General Stats

  • This quiz has been taken 9 times
  • The average score is 7 of 15

Answer Stats

HintAnswer% Correct
Famous for its luxury and the infamous Hahnenkamabfahrt.Kitzbühel-Kirchberg (KitzSki)
86%
Features two glaciers and the longest skitrail in Austria.Sölden - Ötztal Arena
86%
Famous for its luxury. Also the biggest connected ski resort in Austria with more than 300km of pistes.Ski Arlberg
71%
Famous for its excellent infrastructure. Has plans to merge with a neighboring resort to become the biggest ski resort in Austria.Skicircus Saalbach-Hinterglemm-Leogang-Fieberbrunn
71%
Famous for the steepest slope in Austria, the Harakiri.Zillertal 3000 (Mayrhofen)
71%
This bordercrossing ski resort in western Tirol is famous for its après-ski.Silvretta Arena Ischgl-Samnaun
57%
Famous for the Almkulinarik by Richard Rauch and features four mountainsSchladming - Dachstein (Vier-Berge Skischaukel)
43%
Is famous for its 3 villages: Zell, Gerlos and Königsleiten.Zillertal Arena
43%
Has become the only ski resort in Austria that stays open throughout the year.Hintertuxer Gletscher
29%
Is named after the mountain that it faces. Is very snow secure, but doesn't even reach 2000 meters.Hochkönig
29%
Lies on top of a mountain pass and you can ski around the whole village. Famous for the Gamsleiten II Abfahrt.Obertauern
29%
Is famous for its 3 villages and the journey to and from the Masnerkopf.Serfaus-Fiss-Ladis
29%
Famous for the longest piste in the Vorarlberg, which is steep throughout the entire descent. Also has 3 subareas.Silvretta-Montafon
29%
This bordercrossing ski resort is only accessible from GermanyKleinwalsertal-Oberstdorf
14%
Is the most expensive ski resort in the whole of Austria.Obergurgl-Hochgurgl
14%

Score Distribution

Percentile by Number Answered

Percent of People with Each Score

Your Score History

You have not taken this quiz